| 000 | 02159nam a2200265Ia 4500 | ||
|---|---|---|---|
| 005 | 20180411154446.0 | ||
| 008 | 130821s1884 fr frd 0 spa | ||
| 040 |
_aCo-BoUCM _bspa _cSandra Yazo _dSandra Yazo |
||
| 041 | 0 | _aspa | |
| 082 | 0 | 4 |
_aR463 _220 |
| 092 | _aE15N054 | ||
| 110 | 2 |
_aReal Academia Española _936469 |
|
| 245 | 1 | 0 |
_aNovísimo diccionario de la lengua castellana _bque comprende la última edición íntegra del publicado por la Academia Española y cerca de cien mil voces, acepciones, frases y locuciones añadidas por una Sociedad de Literatos ; aumentado con un suplemento de voces de ciencias, artes y oficios, comercio, industria, etc ... Seguido del diccionario de sinónimos de Pedro M. Olive y del diccionario de la rima de D. Juan Peñalver |
| 260 |
_aParís (Francia) _bLibrería de Garnier Hermanos _c1884 |
||
| 300 |
_a[3], 1063, [4], iii, 208, [4], 170, [1] páginas _c31 x 23 cm. |
||
| 500 | _aDetalles físicos (1884 Ej.1): Encuadernación rígida en cartón forrado en tela roja, tapas con textura y repujado formando un recuadro. Lomo en cuero con adornos en dorado, repujados, recuadros y nervaduras sobre costuras. Tapas con raspaduras y deterioro en esquinas de tapas. Guardas en papel de agua. Hoja de cortesía. Anteportada con firma de Enrique Villa. Al verso nota de donación. Portada impresa en una sola tinta, con varios tipos y tamaños de letra, ser repite la firma. Texto impreso en tres columnas, separadas por una línea vertical. Márgenes amplios. Papel manchado. | ||
| 500 | _aDetalles físicos (1878 Ej.1): Ejemplar en regular estado de conservación, primeras páginas sueltas, incluye guardas y portada. Tapas con raspaduras en bordes y esquinas | ||
| 505 | 0 | _tDiccionario de la lengua castellana / Real Academia -- Diccionario de sinónimos / Pedro Maria De Olive -- Diccionario de la rima / D. Juan Peñalver | |
| 506 | _aConsulta en sala | ||
| 650 | 7 |
_aEspañol _vDiccionarios y enciclopedias _97588 |
|
| 690 |
_aLingüística aplicada _9439 |
||
| 700 | 1 |
_aOlive, Pedro María de _d1768-1843 _992085 |
|
| 700 | 1 |
_aPeñalver, Juan _985379 |
|
| 942 |
_cLIBRO _a12 _e2 _2LOCAL _hE15N054 |
||
| 999 |
_c76884 _d76884 |
||